• 首页
  • 本馆介绍
  • 公告通知
  • 最新文献
  • 馆藏检索
  • 电子资源
  • 读者导购
  • 参考咨询
  • 我的图书馆
  • 登录
  • 详细信息显示
  • 放入我的书架
  • 预约/预借图书
  • 作者相关作品
  • 分类相关作品
  • 丛书相关作品
  • 出版社相关作品

书目信息

  • 表格格式
  • 工作单格式
  • 卡片格式
题名:
十九世纪文学主流
    
 
作者: 勃兰兑斯 著 ;高中甫 译
分册: 第六分册   青年德意志
出版信息: 北京   人民文学出版社  1997.10
页数: 203页
开本: 21cm
丛书名:
单 册:
中图分类: I109.4
科图分类:
主题词: 文学史--世界--近代 , 文学思想史--世界--近代
电子资源:
ISBN: 7-02-002501-3
000 00743nam0 2200229 45
001 99091316 1
005 20050328094645.9
010    @a7-02-002501-3@dCNY90.00
100    @a19990913d1997 km y0chiy0120 ea
101    @achi@cdan
105    @a z 000yy
200 1  @a十九世纪文学主流@AShi Jiu Shi Ji Wen Xue Zhu Liu@h第六分册@i青年德意志@EQing Nian De Yi Zhi@f(丹麦)勃兰兑斯著@F(Dan Mai)Bo Lan Dui Si Zhu@g高中甫译
210    @a北京@c人民文学出版社@d1997.10
215    @a203页@d21cm
517    @a青年德意志@AQing Nian De Yi Zhi
606 0  @a文学史@y世界@x近代
606 0  @a文学思想史@y世界@x近代
690    @aI109.4@v1
701    @a勃兰兑斯@4著
702  0 @a高中甫@4译
801    @aCN@bTSTC@c20011017
905    @dI109.4@e16:6@f1@b284199
    
    十九世纪文学主流.第六分册.青年德意志/(丹麦)勃兰兑斯著/高中甫译.-北京:人民文学出版社,1997.10
    203页;21cm
    
    
    ISBN 7-02-002501-3:CNY90.00
    
●
相关链接 在E读中查询图书 在五车中查询图书 在当当中查询图书 在豆瓣中查询图书


正题名:十九世纪文学主流     索取号:I109.4/16:6         预约/预借

序号 登录号 条形码 馆藏地/架位号 状态 备注
1 0284196   002841964   密集书库/ [索取号:I109.4/16:6] 在馆    
2 0284197   002841973   密集书库/ [索取号:I109.4/16:6] 在馆    
3 0284198   002841982   密集书库/ [索取号:I109.4/16:6] 在馆    
4 0284199   002841991   第二借阅区/ [索取号:I109.4/16:6] 在馆    
5 0284200   002842008   第一样本阅览室/ [索取号:I109.4/16:6] 在馆    
唐山师范学院图书馆 欢迎您!
大连网信软件有限公司© 版权所有